000 00283nam a2200109Ia 4500
008 200302s9999 xx 000 0 und d
100 _aG. Tyler Miller
245 _aLiving in the Environment 8th ed.
260 _bInternational Thomson Publishing
260 _c1994
300 _a701 P.,
999 _c1624
_d1624